Towards development economics : (Record no. 208771)
[ view plain ]
| 000 -LEADER | |
|---|---|
| fixed length control field | 00796nam a2200241Ia 4500 |
| 003 - CONTROL NUMBER IDENTIFIER | |
| control field | OSt |
| 005 - DATE AND TIME OF LATEST TRANSACTION | |
| control field | 20241113151254.0 |
| 008 - FIXED-LENGTH DATA ELEMENTS--GENERAL INFORMATION | |
| fixed length control field | 210716s2011 xx 000 0 und d |
| 020 ## - INTERNATIONAL STANDARD BOOK NUMBER | |
| International Standard Book Number | 9780198078296 |
| 040 ## - CATALOGING SOURCE | |
| Transcribing agency | AIMIT LIBRARY |
| 041 ## - LANGUAGE CODE | |
| Language code of text/sound track or separate title | eng |
| 082 ## - DEWEY DECIMAL CLASSIFICATION NUMBER | |
| Classification number | 001.072330 |
| Edition number | 1 |
| Item number | KRIJ |
| 100 ## - MAIN ENTRY--PERSONAL NAME | |
| Personal name | Krishnamurty, J. |
| 9 (RLIN) | 185231 |
| 245 ## - TITLE STATEMENT | |
| Title | Towards development economics : |
| Remainder of title | Indian contributions 1900-1945 / |
| Statement of responsibility, etc. | Edited by J Krishnamurty. |
| 250 ## - EDITION STATEMENT | |
| Edition statement | 1st ed. |
| 260 ## - PUBLICATION, DISTRIBUTION, ETC. | |
| Place of publication, distribution, etc. | New Delhi : |
| Name of publisher, distributor, etc. | Oxford University Press , |
| Date of publication, distribution, etc. | 2011. |
| 300 ## - PHYSICAL DESCRIPTION | |
| Extent | xxi,275p. ; |
| Other physical details | PB |
| Dimensions | 22.3 cm |
| 650 ## - SUBJECT ADDED ENTRY--TOPICAL TERM | |
| Topical term or geographic name entry element | Arguments for protection |
| 9 (RLIN) | 185232 |
| 650 ## - SUBJECT ADDED ENTRY--TOPICAL TERM | |
| Topical term or geographic name entry element | The economic basic of the communal |
| 9 (RLIN) | 185233 |
| 650 ## - SUBJECT ADDED ENTRY--TOPICAL TERM | |
| Topical term or geographic name entry element | Woman labour in India |
| 9 (RLIN) | 185234 |
| 700 ## - ADDED ENTRY--PERSONAL NAME | |
| Personal name | Krishnamurty, J., ed. |
| 9 (RLIN) | 185235 |
| 942 ## - ADDED ENTRY ELEMENTS (KOHA) | |
| Source of classification or shelving scheme | Dewey Decimal Classification |
| Koha item type | Book |
| Edition | 1st |
| Call number prefix | 001.072330 KRIJ |
| Withdrawn status | Lost status | Source of classification or shelving scheme | Damaged status | Not for loan | Collection code | Home library | Current library | Shelving location | Date acquired | Cost, normal purchase price | Inventory number | Total Checkouts | Full call number | Barcode | Date last seen | Cost, replacement price | Price effective from | Koha item type |
|---|---|---|---|---|---|---|---|---|---|---|---|---|---|---|---|---|---|---|
| Dewey Decimal Classification | MBA | St Aloysius Institute of Management & Information Technology | St Aloysius Institute of Management & Information Technology | Economics | 12/11/2014 | 295.00 | Bill no:303; Bill dt:2014-12-03 | 001.072330 KRIJ | MBA11337 | 07/21/2025 | 236.00 | 07/16/2021 | Book |